Etika sosial: (Record no. 387)
[ view plain ]
| 000 -LEADER | |
|---|---|
| fixed length control field | 00770nam a22002297a 4500 |
| 003 - CONTROL NUMBER IDENTIFIER | |
| control field | RIC |
| 005 - DATE AND TIME OF LATEST TRANSACTION | |
| control field | 20120712120547.0 |
| 008 - FIXED-LENGTH DATA ELEMENTS--GENERAL INFORMATION | |
| fixed length control field | 120712t xxu||||| |||| 00| 0 eng d |
| 020 ## - INTERNATIONAL STANDARD BOOK NUMBER | |
| International Standard Book Number | 9676107425 |
| 040 ## - CATALOGING SOURCE | |
| Transcribing agency | JKKN |
| 082 ## - DEWEY DECIMAL CLASSIFICATION NUMBER | |
| Classification number | 395 RAH |
| 100 ## - MAIN ENTRY--PERSONAL NAME | |
| Personal name | Rahmat Ismail |
| 9 (RLIN) | 1241 |
| 245 1# - TITLE STATEMENT | |
| Title | Etika sosial: |
| Remainder of title | satu peradaban dalam kehidupan sosial manusia/ |
| Statement of responsibility, etc | Rahmat Ismail. |
| 260 ## - PUBLICATION, DISTRIBUTION, ETC. (IMPRINT) | |
| Place of publication, distribution, etc | Kuala Lumpur: |
| Name of publisher, distributor, etc | Utusan Publications & Distributors, |
| Date of publication, distribution, etc | 1997 |
| 300 ## - PHYSICAL DESCRIPTION | |
| Extent | 172p.: |
| Other physical details | ill.; |
| Dimensions | 21cm. |
| 440 ## - SERIES STATEMENT/ADDED ENTRY--TITLE | |
| Title | Siri Pengurusan dan Pentadbiran Utusan |
| 9 (RLIN) | 1242 |
| 504 ## - BIBLIOGRAPHY, ETC. NOTE | |
| Bibliography, etc | Include bibliography references |
| 650 ## - SUBJECT ADDED ENTRY--TOPICAL TERM | |
| Topical term or geographic name as entry element | Etiquette |
| 9 (RLIN) | 628 |
| 650 ## - SUBJECT ADDED ENTRY--TOPICAL TERM | |
| Topical term or geographic name as entry element | Manners and customs |
| 9 (RLIN) | 626 |
| 942 ## - ADDED ENTRY ELEMENTS (KOHA) | |
| Source of classification or shelving scheme | Dewey Decimal Classification |
| Koha item type | Buku |
| Barcode | Damaged status | Withdrawn status | Current library | Lost status | Full call number | Date acquired | Not for loan | Shelving location | Source of classification or shelving scheme | Koha item type | Home library | Total Checkouts | Date last seen | Price effective from |
|---|---|---|---|---|---|---|---|---|---|---|---|---|---|---|
| HQ000888 | JKKN Main Library | 395 RAH | 12/07/2012 | On Display | Dewey Decimal Classification | Buku | JKKN Main Library | |||||||
| HQ000888 | JKKN Main Library | 395 RAH | 12/07/2012 | On Display | Dewey Decimal Classification | Buku | JKKN Main Library | 12/07/2012 | 12/07/2012 |